00353pab a2200121 454500008004000000100002800040245006800068260000900136300000900145362001100154650003400165773003200199180718b1985 xxu||||| |||| 00| 0 eng d aContreras, Harry Jagger aIFAM< functions and services for local government in Costa Rica c1985 a52-8 aAutumn aLocal Government - Costa Rica aPlanning and Administration